000 00587nam a2200181 i 4500
001 36498
003 ES-MaACL
005 20230906155401.0
007 t|
008 030218s1973 sp ||||1| spa d
100 1 _aBroué, Pierre.
_931958
245 1 0 _aRevolución en Alemania /
_cPierre Broué ; [traducción, Enrique Oltra].
260 _aBarcelona :
_bA. Redondo,
_c[1973]
300 _a1 v. ;
_c20 cm.
505 8 _aContiene: De la guerra a la revolución. Victoria y derrota del "izquierdismo"
700 1 _aOltra Moltó, Enrique.
_987023
852 _aES-MaACL
_jP-1824
_bR.87354
999 _c36498
_d36498